000 00537nam a22002297a 4500
003 UA-OsUOA
001 28989
007 ta
008 20050519b un ||||| |||| 00| 0 ukr d
090 _a94(47+571)
_bК52
942 _cBK
040 _aUA-OsUOA
_brus
_cUA-OsUOA
_dUA-OsUOA
245 _aКурс русской истории
_cРед. В. Л.Янина
300 _a476 с.
955 _a0
041 _arus
080 _a94(47+571)
260 _aМ.
_bМысль
_c1989
044 _aRU
650 7 _2UDC
999 _c315366
_d315366